Statistics for Countries of the World Z-A

Click here to take the quiz!

General Stats

  • This quiz has been taken 3,149 times
    (2,537 since last reset)
  • The average score is 111 of 196

Answer Stats

HintCountry% Correct
YeYemen
99%
ZaZambia
99%
ZiZimbabwe
99%
UzUzbekistan
93%
VeVenezuela
92%
ViVietnam
91%
UrUruguay
88%
UgUganda
87%
UkUkraine
87%
VaVatican City
86%
UnUnited States
84%
UnUnited Kingdom
83%
ThThailand
81%
VaVanuatu
81%
SySyria
79%
TuTuvalu
79%
SpSpain
77%
SwSweden
77%
SwSwitzerland
76%
ToTogo
76%
TuTurkey
76%
TuTurkmenistan
76%
UnUnited Arab Emirates
76%
TrTrinidad and Tobago
74%
SrSri Lanka
73%
QaQatar
72%
TuTunisia
72%
RwRwanda
71%
SlSlovakia
71%
SlSlovenia
71%
OmOman
70%
SuSudan
70%
SuSuriname
69%
ToTonga
69%
SoSomalia
68%
PoPoland
67%
SoSouth Korea
67%
MyMyanmar
66%
NoNorway
66%
RoRomania
66%
SoSouth Sudan
66%
PhPhilippines
65%
CzCzech Republic
64%
FrFrance
64%
GhGhana
64%
ItItaly
64%
TaTanzania
64%
DjDjibouti
63%
EcEcuador
63%
FiFinland
63%
AfAfghanistan
62%
CyCyprus
62%
IcIceland
62%
RuRussia
62%
SeSenegal
62%
SoSouth Africa
62%
TaTajikistan
62%
AuAustralia
61%
CrCroatia
61%
ElEl Salvador
61%
HuHungary
61%
IsIsrael
61%
KyKyrgyzstan
61%
AzAzerbaijan
60%
DeDenmark
60%
EqEquatorial Guinea
60%
EsEstonia
60%
HoHonduras
60%
InIndia
60%
InIndonesia
60%
JoJordan
60%
AuAustria
59%
BhBhutan
59%
IrIreland
59%
JaJamaica
59%
KuKuwait
59%
ErEritrea
58%
IrIran
58%
LiLithuania
58%
NiNiger
58%
NiNigeria
58%
NoNorth Korea
58%
PePeru
58%
PoPortugal
58%
IrIraq
57%
KeKenya
57%
FiFiji
56%
HaHaiti
56%
KaKazakhstan
56%
NiNicaragua
56%
PaPanama
56%
PaParaguay
56%
SiSingapore
56%
TaTaiwan
56%
ChChina
55%
GeGermany
55%
GrGreece
55%
GuGuyana
55%
JaJapan
55%
LuLuxembourg
55%
NaNamibia
55%
ArArmenia
54%
EtEthiopia
54%
GuGuatemala
54%
KiKiribati
54%
KoKosovo
54%
LaLatvia
54%
LiLiechtenstein
54%
AlAlgeria
53%
PaPakistan
53%
AlAlbania
52%
ArArgentina
52%
DoDominica
52%
DoDominican Republic
52%
EaEast Timor
52%
GaGambia, The
52%
GuGuinea
52%
AnAndorra
51%
CoColombia
51%
EsEswatini
51%
GaGabon
51%
GrGrenada
51%
GuGuinea-Bissau
51%
MoMozambique
51%
NeNetherlands
51%
SeSerbia
51%
SoSolomon Islands
51%
ChChile
50%
PaPalau
50%
BoBolivia
49%
BrBrunei
49%
BuBurundi
49%
LiLiberia
49%
NoNorth Macedonia
49%
AnAngola
48%
BrBrazil
48%
CaCanada
48%
CuCuba
48%
LeLebanon
48%
LiLibya
48%
NeNepal
48%
SaSaint Lucia
48%
SeSeychelles
48%
Côte d’Ivoire
47%
EgEgypt
47%
LeLesotho
47%
MoMoldova
47%
MoMonaco
47%
MoMongolia
47%
MoMontenegro
47%
MoMorocco
47%
SaSaint Kitts and Nevis
47%
SaSaint Vincent and the Grenadines
47%
SiSierra Leone
47%
BeBelgium
46%
MaMauritania
46%
SaSamoa
46%
SaSan Marino
46%
LaLaos
45%
MaMauritius
45%
NaNauru
45%
NeNew Zealand
45%
PaPapua New Guinea
45%
BuBulgaria
44%
ChChad
44%
MaMali
44%
BeBelize
43%
CaCambodia
43%
MeMexico
43%
AnAntigua and Barbuda
42%
BeBenin
42%
BoBotswana
42%
SaSao Tome and Principe
42%
BaBahamas, The
41%
BaBahrain
41%
CoComoros
41%
MiMicronesia
41%
SaSaudi Arabia
41%
BeBelarus
40%
GeGeorgia
40%
MaMadagascar
40%
MaMalta
40%
BaBangladesh
39%
BaBarbados
39%
CaCameroon
39%
MaMalawi
39%
MaMalaysia
39%
MaMaldives
39%
ReRepublic of Congo
39%
BoBosnia and Herzegovina
38%
CoCosta Rica
38%
BuBurkina Faso
35%
MaMarshall Islands
35%
DeDemocratic Republic of the Congo
32%
CaCape Verde
30%
CeCentral African Republic
30%

Score Distribution

Percentile by Number Answered

Percent of People with Each Score

Your Score History

You have not taken this quiz since the last reset